000 01533nam a2200409Ia 4500
003 GCL
008 140319s9999 xx 000 0 ara d
020 _a1460232977
040 _aGCL /
_cGCL
082 0 4 _a370.152
_bم ت
100 1 _aمجدى عزيز ابراهيم
245 1 0 _aالتفكير من منظور تربوى :
_bتعريفه - طبيعته - مهاراته - تنميته - انماطه /
_cمجدى عزيز ابراهيم
250 _aالاولى
260 _aالقاهرة :
_bعالم الكتب ،
_c2005
300 _a455 ص ؛
_c24 سم
490 _aسلسلة التفكير والتعليم والتعلم
_v1
650 0 4 _aالتفكير
650 0 4 _aالتفكير العلمى
650 0 4 _aالتفكير المنطقى
650 0 4 _aالتفكير المجرد
650 0 4 _aالتفكير فوق المعرفى
650 0 4 _aالتفكير السلبى المرفوض
650 0 4 _aالتفكير الابداعى
650 0 4 _aالتفكير الرياضى
650 0 4 _aالتفكير الاسطورى
650 0 4 _aالتفكير التسلطى
650 0 4 _aالتفكير الصحيح
650 0 4 _aالتفكير الناقد
650 0 4 _aالتفكير الجانبى
650 0 4 _aالتفكير التماثلى
650 0 4 _aالتفكير العملى
650 0 4 _aالتفكير الذاتى
650 0 4 _aالتفكير التاملى
650 0 4 _aالتفكير الجدلى
650 0 4 _aالتفكير الخرافى
942 _2ddc
_cBK
999 _c9726
_d9726